00877nam a2200181 a 450000100060000000300090000600800410001502000180005604000280007408200130010210000200011524500670013526000240020230000100022650503870023665000350062365000370065822955CO-ViMGA141112s2004 ck r 000 u spa d a9788449437441 aCO-ViMGAbspacCO-ViMGA04a530 M3571 aGispert, Carlos10aEl mentor de fìsica y quìmica : bCon ejercicios resueltos aEspaña : bOceano a456p. aFISICA : Introducion a la fisica, Estatica, Cinematica, Dinamico, Trabajo, potencia y energia, Movimiento circular, Acustica, Termologia, Electroestatica, Electrocinética \ QUIMICA : Introduccion a la quimica, Reacciones y compuestos quimicos, Quimica cuantitativa, Estados de la materia, Ecuaciones quimicas, Estructura atomica, Tabla periodica de los elementos, Enlace quimico14aFISICA - PROBLEMAS, JERCICIOS 14aQUIMICA - PROBLEMAS - EJERCICIOS